Identities of Marvel Characters Quiz Stats

Quiz not verified by Sporcle

Also try: Celebrity Selfies
Challenge
Share
Tweet
Embed
Score 0/25 Timer 10:00
0 Plays Today
Costume % Correct
Iron Patriot/Green GoblinNorman Osborn
87.3%
Marvel Girl/Dark PheonixJean Grey
84.5%
Gambit/DeathRemy LeBeau
74.9%
White Queen/Black QueenEmma Frost
69.9%
Shadowcat/SpriteKitty Pryde
63.8%
Angel/ArchangelWarren Worthington III
60%
Cable/DayspringNathan Summers
55.5%
Winter Soldier/Captain AmericaBucky Barnes
54.6%
X-Man/19XNate Grey
49.3%
Venom/ScorpionMac Gargan
47.8%
Hulk/A-BombRick Jones
34.1%
Moonstone/Ms MarvelKarla Sofen
25.8%
Huntress/MockingbirdBarbara Barton
24.7%
Costume % Correct
Screaming Mimi/SongbirdMelissa Gold
24%
Hawkeye/BullseyeLester
23.6%
Stephen Sanders/Doctor StrangeDr Stephen Strange
23.6%
Speedball/PenanceRobbie Baldwin
20.1%
Gene Khan/Zhang TongMandarin
18.3%
Kid Nova/Nova PrimeRichard Rider
17.7%
Enchantress/Leena MoranAmora
17.2%
Marvel Boy/JusticeVance Astrovik
16.6%
God of Evil/Scarlet WitchLoki Laufeyson
6.3%
Falconer/DarkhawkChris Powell
6.3%
Bolt/MaverickChris Bradley
6.3%
Night Thrasher/BanditDonyell Taylor
5.5%

You're not logged in!

Compare scores with friends on all Sporcle quizzes.
Join for Free
OR
Log In

You Might Also Like...

Show Comments

Extras

Top Quizzes Today


Score Distribution

Your Account Isn't Verified!

In order to create a playlist on Sporcle, you need to verify the email address you used during registration. Go to your Sporcle Settings to finish the process.

Report this User

Report this user for behavior that violates our Community Guidelines.

Details: